000 01760nam0a2200385 4500
001 RU\NLR\bibl\215331
005 20260407082749.0
010 _a5-201-14606-6
_9200
021 _aRU
_b2001-32281
_91538
035 _a(NLR Aleph) 000211466
090 _a1227512
_c1227512
100 _a20011129d2000 |||y0rusy50 ca
101 0 _arus
102 _aRU
105 _aa |||||||||
200 1 _aМосковский регион
_aЭтноконфессиональная ситуация
_e[Сб. ст.]
_fРос. акад. наук, ин-т этнологии и антропологии им. Н. Н. Миклухо-Маклая
_g[Отв. ред.-сост. Б.-Р. Логашова]
210 _aМ.
_cИЭА
_d2000
215 _a282,[1] с.
_cил.
_d20
320 _aБиблиогр. в примеч. в конце ст.
606 1 _aРелигиозные организации
_yМосква, город
_z1990-ые гг.
_92138211
_3RU\NLR\auth\661289093
610 0 _aРелигиозные организации
610 0 _aМосковский регион
610 0 _aМосковский регион, христианство нехристиан. религии
675 _a23/28(470-25)+29(470.25)
_v3
_zrus
686 _a21.15
_2rugasnti
686 _a86.3
_2rubbk
686 _aЭ239(2-2М)73-66
702 1 _4220
_8rus
_7ca
_aЛогашова
_bБ. -Р.
_gБиби-Рабита
_3RU\NLR\auth\7747870
_930805
711 0 2 _aИнститут этнологии и антропологии им. Н. Н. Миклухо-Маклая
_cМосква
_3RU\NLR\AUTH\888945
_9290397
801 0 _aRU
_bRKP
_c20011129
_gPSBO
801 1 _aRU
_bRKP
_c20011129
801 2 _aRU
_bNLR
_c20131007
_grcr
942 _cBOOK
980 _aNB